Les députés de gauche à l'Assemblée Nationale depuis 2024 - Statistiques

Statistiques générales
  • Ce quiz a été pris 19 fois
  • Le résultat moyen est 36 sur 194
Statistiques - réponses
Circonscription Groupe Politique Député % Correct
3ème circonscription des Landes Socialistes et Apparentés Boris Vallaud
88%
10ème circonscription du Val-de-Marne La France Insoumise - Nouveau Front Populaire Mathilde Panot
88%
11ème circonscription de Seine-et-Marne Socialistes et Apparentés Olivier Faure
88%
7ème circonscription des Yvelines Socialistes et Apparentés Aurélien Rousseau
81%
1ère circonscription de Corrèze Socialistes et Apparentés François Hollande
75%
9ème circonscription de Paris Ecologiste et Social Sandrine Rousseau
75%
7ème circonscription des Bouches-du-Rhône La France Insoumise - Nouveau Front Populaire Sébastien Delogu
69%
3ème circonscription du Val-de-Marne La France Insoumise - Nouveau Front Populaire Louis Boyard
63%
10ème circonscription d'Essonne La France Insoumise - Nouveau Front Populaire Antoine Léaument
56%
2ème circonscription du Val-de-Marne La France Insoumise - Nouveau Front Populaire Clémence Guetté
56%
17ème circonscription de Paris La France Insoumise - Nouveau Front Populaire Danièle Obono
56%
8ème circonscription du Nord La France Insoumise - Nouveau Front Populaire David Guiraud
56%
4ème circonscription des Bouches-du-Rhône La France Insoumise - Nouveau Front Populaire Manuel Bompard
56%
2ème circonscription du Nord La France Insoumise - Nouveau Front Populaire Ugo Bernalicis
56%
7ème circonscription de Seine-Saint-Denis Ecologiste et Social Alexis Corbière
50%
1ère circonscription du Nord La France Insoumise - Nouveau Front Populaire Aurélien Le Coq
50%
11ème circonscription de Seine-Saint-Denis Ecologiste et Social Clémentine Autain
50%
4ème circonscription de La Réunion Gauche Démocrate et Républicaine Émeline K/Bidi
50%
1ère circonscription de Seine-Saint-Denis La France Insoumise - Nouveau Front Populaire Eric Coquerel
50%
6ème circonscription d'Essonne Socialistes et Apparentés Jérôme Guedj
50%
18ème circonscription de Paris La France Insoumise - Nouveau Front Populaire (Apparenté) Aymeric Caron
44%
2ème circonscription d'Isère Ecologiste et Social Cyrielle Chatelain
44%
1ère circonscription de Somme Ecologiste et Social François Ruffin
44%
1ère circonscription du Vaucluse La France Insoumise - Nouveau Front Populaire Raphaël Arnault
44%
6ème circonscription de Paris La France Insoumise - Nouveau Front Populaire Sophia Chikirou
44%
1ère circonscription de Seine-et-Marne La France Insoumise - Nouveau Front Populaire Arnaud Saint-Martin
38%
4ème circonscription d'Eure Socialistes et Apparentés Philippe Brun
38%
4ème circonscription de Seine-Maritime La France Insoumise - Nouveau Front Populaire Alma Dufour
31%
8ème circonscription des Yvelines Ecologiste et Social Benjamin Lucas-Lundy
31%
8ème circonscription d'Essonne La France Insoumise - Nouveau Front Populaire Bérenger Cernon
31%
7ème circonscription de Haute-Garonne La France Insoumise - Nouveau Front Populaire Christophe Bex
31%
15ème circonscription de Paris Ecologiste et Social Danielle Simonnet
31%
3ème circonscription d'Isère La France Insoumise - Nouveau Front Populaire Elisa Martin
31%
7ème circonscription de Paris Socialistes et Apparentés Emmanuel Grégoire
31%
4ème circonscription de Haute-Garonne La France Insoumise - Nouveau Front Populaire François Piquemal
31%
1ère circonscription de Haute-Garonne La France Insoumise - Nouveau Front Populaire Hadrien Clouet
31%
10ème circonscription de Seine-Saint-Denis La France Insoumise - Nouveau Front Populaire Nadège Abomangoli
31%
5ème circonscription du Val-d'Oise La France Insoumise - Nouveau Front Populaire Paul Vannier
31%
1ère circonscription de Charente La France Insoumise - Nouveau Front Populaire René Pilato
31%
5ème circonscription de Seine-Saint-Denis La France Insoumise - Nouveau Front Populaire Aly Diouara
25%
2ème circonscription de Loire-Atlantique La France Insoumise - Nouveau Front Populaire Andy Kerbrat
25%
2ème circonscription du Calvados Socialistes et Apparentés Arthur Delaporte
25%
1ère circonscription de Moselle Socialistes et Apparentés Belkhir Belhaddad
25%
8ème circonscription du Val-d'Oise La France Insoumise - Nouveau Front Populaire Carlos Martens Bilongo
25%
1ère circonscription de Haute-Vienne La France Insoumise - Nouveau Front Populaire Damien Maudet
25%
5ème circonscription de Meurthe-et-Moselle Socialistes et Apparentés Dominique Potier
25%
1ère circonscription d'Essonne La France Insoumise - Nouveau Front Populaire Farida Amrani
25%
8ème circonscription de Seine-Saint-Denis Socialistes et Apparentés Fatiha Keloua Hachi
25%
8ème circonscription de Seine-Maritime Gauche Démocrate et Républicaine Jean-Paul Lecoq
25%
1ère circonscription d'Ille-et-Vilaine La France Insoumise - Nouveau Front Populaire Marie Mesmeur
25%
1ère circonscription d'Ariège Socialistes et Apparentés Martine Froger
25%
4ème circonscription d'Ille-et-Vilaine La France Insoumise - Nouveau Front Populaire Mathilde Hignet
25%
2ème circonscription d'Hérault La France Insoumise - Nouveau Front Populaire Nathalie Oziol
25%
1ère circonscription de Drôme Socialistes et Apparentés Paul Christophle
25%
2ème circonscription du Finistère La France Insoumise - Nouveau Front Populaire Pierre-Yves Cadalen
25%
2ème circonscription de Vienne Socialistes et Apparentés Sacha Houlié
25%
1ère circonscription du Bas-Rhin Ecologiste et Social Sandra Regol
25%
2ème circonscription de Meurthe-et-Moselle Socialistes et Apparentés Stéphane Hablot
25%
2ème circonscription de Seine-Saint-Denis Gauche Démocrate et Républicaine Stéphane Peu
25%
4ème circonscription de Manche Socialistes et Apparentés Anna Pic
19%
9ème circonscription de Seine-Saint-Denis La France Insoumise - Nouveau Front Populaire Aurélie Trouvé
19%
2ème circonscription du Val-d'Oise Socialistes et Apparentés Ayda Hadizadeh
19%
11ème circonscription de Paris Socialistes et Apparentés Céline Hervieu
19%
2ème circonscription du Puy-de-Dôme Socialistes et Apparentés Christine Pirès Beaune
19%
7ème circonscription d'Essonne La France Insoumise - Nouveau Front Populaire Claire Lejeune
19%
3ème circonscription d'Ille-et-Vilaine Socialistes et Apparentés Claudia Rouaux
19%
9ème circonscription des Yvelines Socialistes et Apparentés Dieynaba Diop
19%
1ère circonscription des Hauts-de-Seine Gauche Démocrate et Républicaine Elsa Faucillon
19%
7ème circonscription de Seine-et-Marne La France Insoumise - Nouveau Front Populaire Ersilia Soudais
19%
1ère circonscription de Meurthe-et-Moselle Socialistes et Apparentés Estelle Mercier
19%
5ème circonscription de La Réunion La France Insoumise - Nouveau Front Populaire Jean-Hugues Ratenon
19%
4ème circonscription d'Indre-et-Loire Socialistes et Apparentés Laurent Baumel
19%
1ère circonscription des Hautes-Alpes Socialistes et Apparentés Marie-José Allemand
19%
6ème circonscription du Finistère Socialistes et Apparentés Mélanie Thomin
19%
10ème circonscription de Paris La France Insoumise - Nouveau Front Populaire Rodrigo Arenas
19%
11ème circonscription du Nord Socialistes et Apparentés Roger Vicot
19%
7ème circonscription du Val-d'Oise Socialistes et Apparentés Romain Eskenazi
19%
4ème circonscription des Hauts-de-Seine Ecologiste et Social Sabrina Sebaihi
19%
16ème circonscription de Paris La France Insoumise - Nouveau Front Populaire Sarah Legrain
19%
11ème circonscription du Val-de-Marne Ecologiste et Social Sophie Taillé-Polian
19%
1ère circonscription de l'Allier Gauche Démocrate et Républicaine Yannick Monnet
19%
2ème circonscription de Somme La France Insoumise - Nouveau Front Populaire Zahia Hamdane
19%
7ème circonscription du Rhône La France Insoumise - Nouveau Front Populaire Abdelkader Lahmar
13%
8ème circonscription de Seine-et-Marne Ecologiste et Social Arnaud Bonnet
13%
11ème circonscription des Hauts-de-Seine La France Insoumise - Nouveau Front Populaire Aurélien Saintoul
13%
2ème circonscription du Rhône Ecologiste et Social Boris Tavernier
13%
2ème circonscription de Côte-d'Or Ecologiste et Social Catherine Hervieu
13%
1ère circonscription d'Orne Socialistes et Apparentés Chantal Jourdan
13%
1ère circonscription d'Indre-et-Loire Ecologiste et Social Charles Fournier
13%
2ème circonscription de Guadeloupe Socialistes et Apparentés Christian Baptiste
13%
5ème circonscription des Pyrénées-Atlantiques Socialistes et Apparentés Colette Capdevielle
13%
5ème circonscription du Morbihan Ecologiste et Social Damien Girard
13%
2ème circonscription de Guyane Gauche Démocrate et Républicaine Davy Rimane
13%
2ème circonscription des Deux-Sèvres Ecologiste et Social Delphine Batho
13%
2ème circonscription du Doubs Ecologiste et Social Dominique Voynet
13%
4ème circonscription de Guadeloupe Socialistes et Apparentés Elie Califer
13%
8ème circonscription de Paris Ecologiste et Social Eva Sas
13%
5ème circonscription de Loire-Atlantique Socialistes et Apparentés Fabrice Roussel
13%
6ème circonscription du Rhône La France Insoumise - Nouveau Front Populaire Gabriel Amard
13%
5ème circonscription d'Isère Ecologiste et Social Jérémie Iordanoff
13%
4ème circonscription de Loire-Atlantique Ecologiste et Social Julie Laernoes
13%
13ème circonscription du Nord Socialistes et Apparentés Julien Gokel
13%
9ème circonscription des Français établis à l'étranger Ecologiste et Social Karim Ben Cheikh
13%
2ème circonscription de La Réunion Gauche Démocrate et Républicaine Karine Lebon
13%
2ème circonscription des Bouches-du-Rhône Socialistes et Apparentés Laurent Lhardit
13%
3ème circonscription de Paris Ecologiste et Social Léa Balage El Mariky
13%
3ème circonscription de Haute-Vienne La France Insoumise - Nouveau Front Populaire Manon Meunier
13%
8ème circonscription d'Ille-et-Vilaine Socialistes et Apparentés Mickaël Bouloux
13%
4ème circonscription des Côtes-d'Armor La France Insoumise - Nouveau Front Populaire Murielle Lepvraud
13%
3ème circonscription du Puy-de-Dôme Ecologiste et Social Nicolas Bonnet
13%
2ème circonscription du Cher Gauche Démocrate et Républicaine Nicolas Sansu
13%
2ème circonscription de Gironde Ecologiste et Social Nicolas Thierry
13%
1ère circonscription de Côte-d'Or Socialistes et Apparentés Océane Godard
13%
7ème circonscription de La Réunion La France Insoumise - Nouveau Front Populaire Perceval Gaillard
13%
4ème circonscription du Rhône Socialistes et Apparentés Sandrine Runel
13%
3ème circonscription de Loire-Atlantique La France Insoumise - Nouveau Front Populaire Ségolène Amiot
13%
1ère circonscription de Lozère Socialistes et Apparentés Sophie Pantel
13%
2ème circonscription de Haute-Vienne Socialistes et Apparentés Stéphane Delautrette
13%
3ème circonscription du Bas-Rhin Socialistes et Apparentés Thierry Sother
13%
3ème circonscription de Seine-Saint-Denis La France Insoumise - Nouveau Front Populaire Thomas Portes
13%
2ème circonscription d'Ille-et-Vilaine Ecologiste et Social Tristan Lahais
13%
1ère circonscription du Rhône La France Insoumise - Nouveau Front Populaire Anaïs Belouassa-Cherifi
6%
2ème circonscription de Loire La France Insoumise - Nouveau Front Populaire Andrée Taurinya
6%
9ème circonscription du Val-d'Oise La France Insoumise - Nouveau Front Populaire Arnaud Le Gall
6%
6ème circonscription de Haute-Garonne Socialistes et Apparentés Arnaud Simion
6%
10ème circonscription du Val-d'Oise La France Insoumise - Nouveau Front Populaire Aurélien Taché
6%
9ème circonscription de Seine-et-Marne Socialistes et Apparentés Céline Thiébault-Martinez
6%
9ème circonscription de Haute-Garonne Ecologiste et Social Christine Arrighi
6%
2ème circonscription du Lot Socialistes et Apparentés Christophe Proença
6%
3ème circonscription de Seine-Maritime Gauche Démocrate et Républicaine Édouard Bénard
6%
4ème circonscription de Sarthe La France Insoumise - Nouveau Front Populaire Elise Leboucher
6%
2ème circonscription du Loiret Ecologiste et Social Emmanuel Duplessy
6%
2ème circonscription du Bas-Rhin La France Insoumise - Nouveau Front Populaire Emmanuel Fernandes
6%
3ème circonscription d'Hérault Socialistes et Apparentés Fanny Dombre Coste
6%
1ère circonscription de Seine-Maritime Socialistes et Apparentés Florence Herouin-Léautey
6%
6ème circonscription du Val-d'Oise La France Insoumise - Nouveau Front Populaire Gabrielle Cathala
6%
1ère circonscription de Mayenne Socialistes et Apparentés Guillaume Garot
6%
5ème circonscription des Bouches-du-Rhône Ecologiste et Social Hendrik Davi
6%
1ère circonscription d'Ardèche Socialistes et Apparentés Hervé Saulignac
6%
4ème circonscription des Pyrénées-Atlantiques Socialistes et Apparentés Inaki Echaniz
6%
10ème circonscription de Haute-Garonne Socialistes et Apparentés Jacques Oberti
6%
6ème circonscription de Loire-Atlantique Ecologiste et Social Jean-Claude Raux
6%
4ème circonscription de Savoie La France Insoumise - Nouveau Front Populaire Jean-François Coulomme
6%
1ère circonscription d'Hérault Ecologiste et Social Jean-Louis Roumégas
6%
4ème circonscription de Martinique La France Insoumise - Nouveau Front Populaire Jean-Philippe Nilor
6%
1ère circonscription de Guyane Gauche Démocrate et Républicaine Jean-Victor Castor
6%
1ère circonscription de Martinique Socialistes et Apparentés Jiovanny William
6%
8ème circonscription de Haute-Garonne Socialistes et Apparentés Joël Aviragnet
6%
2ème circonscription du Tarn La France Insoumise - Nouveau Front Populaire Karen Erodi
6%
3ème circonscription de Gironde La France Insoumise - Nouveau Front Populaire Loïc Prud'homme
6%
11ème circonscription des Bouches-du-Rhône Socialistes et Apparentés Marc Pena
6%
3ème circonscription du Rhône Ecologiste et Social Marie-Charlotte Garin
6%
4ème circonscription d'Isère Socialistes et Apparentés Marie-Noëlle Battistel
6%
3ème circonscription de Drôme Ecologiste et Social Marie Pochon
6%
6ème circonscription de Gironde Socialistes et Apparentés Marie Récalde
6%
12ème circonscription de Gironde La France Insoumise - Nouveau Front Populaire Mathilde Feld
6%
10ème circonscription de Seine-et-Marne La France Insoumise - Nouveau Front Populaire Maxime Laisney
6%
3ème circonscription de Polynésie française Gauche Démocrate et Républicaine Mereana Reid Arbelot
6%
5ème circonscription de Gironde Socialistes et Apparentés Pascale Got
6%
1ère circonscription de La Réunion Socialistes et Apparentés Philippe Naillet
6%
3ème circonscription de Côte-d'Or Socialistes et Apparentés Pierre Pribetich
6%
1ère circonscription de Loire Socialistes et Apparentés Pierrick Courbon
6%
9ème circonscription d'Isère La France Insoumise - Nouveau Front Populaire Sandrine Nosbé
6%
4ème circonscription de Dordogne Ecologiste et Social Sébastien Peytavie
6%
7ème circonscription de Gironde Socialistes et Apparentés Sébastien Saint-Pasteur
6%
3ème circonscription d'Essonne Ecologiste et Social Steevy Gustave
6%
8ème circonscription d'Hérault La France Insoumise - Nouveau Front Populaire Sylvain Carrière
6%
2ème circonscription des Hautes-Alpes Socialistes et Apparentés Valérie Rossi
6%
4ème circonscription de Gironde Socialistes et Apparentés Alain David
0%
2ème circonscription de Haute-Garonne La France Insoumise - Nouveau Front Populaire Anne Stambach-Terrenoir
0%
6ème circonscription de Seine-Saint-Denis La France Insoumise - Nouveau Front Populaire Bastien Lachaud
0%
3ème circonscription de Martinique Socialistes et Apparentés Béatrice Bellay
0%
2ème circonscription de Charente-Maritime Ecologiste et Social Benoît Biteau
0%
2ème circonscription des Hautes-Pyrénées Socialistes et Apparentés Denis Fégné
0%
3ème circonscription du Val-d'Oise Gauche Démocrate et Républicaine Emmanuel Maurel
0%
2ème circonscription de Nouvelle-Calédonie Gauche Démocrate et Républicaine Emmanuel Tjibaou
0%
3ème circonscription de Charente-Maritime Socialistes et Apparentés Fabrice Barusseau
0%
6ème circonscription de La Réunion Gauche Démocrate et Républicaine Frédéric Maillot
0%
5ème circonscription de Seine-Maritime Socialistes et Apparentés Gérard Leseul
0%
14ème circonscription du Rhône La France Insoumise - Nouveau Front Populaire Idir Boumertit
0%
9ème circonscription du Val-de-Marne Socialistes et Apparentés Isabelle Santiago
0%
12ème circonscription de Seine-Saint-Denis La France Insoumise - Nouveau Front Populaire Jérôme Legavre
0%
5ème circonscription du Puy-de-Dôme Gauche Démocrate et Républicaine Julien Brugerolles
0%
9ème circonscription d'Essonne Ecologiste et Social Julie Ozenne
0%
1ère circonscription de Loire-Atlantique Socialistes et Apparentés Karim Benbrahim
0%
1ère circonscription de Vienne Ecologiste et Social Lisa Belluco
0%
2ème circonscription de Martinique Gauche Démocrate et Républicaine Marcellin Nadeau
0%
1ère circonscription du Puy-de-Dôme La France Insoumise - Nouveau Front Populaire Marianne Maximi
0%
2ème circonscription de Sarthe Socialistes et Apparentés Marietta Karamanli
0%
8ème circonscription de Loire-Atlantique La France Insoumise - Nouveau Front Populaire Matthias Tavel
0%
6ème circonscription des Pyrénées-Atlantiques Socialistes et Apparentés Peio Dufau
0%
5ème circonscription de Paris Ecologiste et Social Pouria Amirshahi
0%
4ème circonscription de Seine-Saint-Denis Gauche Démocrate et Républicaine Soumya Bourouaha
0%
1ère circonscription des Hautes-Pyrénées La France Insoumise - Nouveau Front Populaire Sylvie Ferrer
0%
Aucun quiz correspondant
Distribution des résultats
% des personnes avec chaque résultat
Percentile par nombre de réponses
Votre historique - résultats
Vous n’avez pas pris ce quiz